02021cam a22005414i 4500003000900000005001700009008004100026020001500067020001800082020002700100035002700127035002100154040008300175050002000258082001900278100004500297245014200342264004900484300004300533336002100576337002500597338002300622504004000645505052600685526001001211526001001221526001001231526001001241526001001251526000901261526000901270526000901279526000901288526000901297526000901306526000901315526000901324526000901333526000901342526000801351526000801359526000801367526000801375526000801383526000801391650002801399650005201427PE-LiUPU20250731170420.0160715t20162016mau rb 001 0 eng d a0739164953 a9780739164952 z9781498564976q(ebook) a(Sirsi) i9780739164952 a(OCoLC)953630633 aYDXCPbspaerdacYDXCPdBTCTAdBDXdOCLCQdCDXdOCLCFdLGGdCODdSOIdPE-LiUPU 4aGE42b.F67 201604a179.1bF772231 aFoster, Matthew Robert,d1951- ,eautor.14aThe human relationship to nature :bthe limit of reason, the basis of value, and the crisis of environmental ethics /cMatthew R. Foster. 1aLanham, Maryland :bLexington Books,c[2016] axxv, 463 páginas ;c24 centímetros atext2rdacontent aunmediated2rdamedia avolume2rdacarrier aBibliografía : páginas 449-455.0 aTask : what should be the human relationship to nature? -- Tools : the way of moral reasoning -- Plan : comparative testing of three ethics -- The progress ethic -- The stewardship ethic -- The connection ethic -- Assessment : comparisons of the three ethics -- Foundations : the meta-ethical problem in each ethic -- Foundation : the shared meta-ethical problem and a proposal -- Sorting resources -- New perspectives on four variables -- Toward a new ethic -- Appendix : The moral argument of four environmental ethics. aSEG68 aSEG70 aSEG69 aSEG67 aSEG43 aP144 aP143 aP131 aP122 aP120 aP117 aP112 aP110 aP106 aP101 aP80 aP59 aP54 aP35 aP33 aP30 4aÉtica medioambiental. 7aEnvironmental ethics.2fast0(OCoLC)fst00912979